000 00181 a2200097 4500
020 _a9780545115186
041 _aeng
100 _aMcCourt, Lisa
245 _aStinky face?
942 _cBK
999 _c8785
_d8785